Geography Multi-select #45 - Statistics

General Stats
  • This quiz has been taken 13 times
  • The average score is 45 of 90
Answer Stats
Question Tile Select % Correct
National Historic Landmarks currently located in Louisiana. Kate Chopin House No
92%
five most populous municipalities in Canada (2021). Brampton No
77%
countries where a variety of English is a de jure official language (even if it is not a majority language). Haiti No
77%
U.S. states whose capital city is also the state’s most populous city. Indiana Yes
77%
U.S. states whose capital city is also the state’s most populous city. Iowa Yes
77%
U.S. states that share a land border with Missouri. Kansas Yes
77%
U.S. states whose capital city is also the state’s most populous city. Kansas No
77%
U.S. states whose capital city is also the state’s most populous city. Kentucky No
77%
JetPunk sovereign states that share a land border with Austria. Liechtenstein Yes
77%
countries where a variety of English is a de jure official language (even if it is not a majority language). Mexico No
77%
five most populous municipalities in Canada (2021). Mississauga No
77%
five most populous municipalities in Canada (2021). Montreal Yes
77%
U.S. states that share a land border with Missouri. Oklahoma Yes
77%
National Historic Landmarks currently located in Louisiana. Old Carmelite Convent No
77%
five most populous municipalities in Canada (2021). Toronto Yes
77%
countries where a variety of English is a de jure official language (even if it is not a majority language). Uganda Yes
77%
U.S. states that share a land border with Missouri. Arkansas Yes
69%
five most populous municipalities in Maryland (2020). Baltimore Yes
69%
JetPunk sovereign states that share a land border with Austria. Germany Yes
69%
JetPunk sovereign states that share a land border with Austria. Hungary Yes
69%
U.S. states whose capital city is also the state’s most populous city. Idaho Yes
69%
five overall best states, according to U.S. News and World Report in 2023. Iowa No
69%
U.S. states that share a land border with Missouri. Kentucky Yes
69%
countries where a variety of English is a de jure official language (even if it is not a majority language). Kiribati Yes
69%
U.S. states that share a land border with Missouri. Louisiana No
69%
U.S. states whose capital city is also the state’s most populous city. Louisiana No
69%
JetPunk sovereign states that share a land border with Austria. Luxembourg No
69%
U.S. states whose capital city is also the state’s most populous city. Massachusetts Yes
69%
JetPunk sovereign states that share a land border with Austria. Switzerland Yes
69%
five overall best countries, according to U.S. News and World Report in 2023. Switzerland Yes
69%
five most populous municipalities in Maryland (2020). College Park No
62%
JetPunk sovereign states that share a land border with Austria. Czech Republic Yes
62%
JetPunk sovereign states that are members of the Asia Cooperation Dialogue. Israel No
62%
JetPunk sovereign states that share a land border with Austria. Italy Yes
62%
U.S. states whose capital city is also the state’s most populous city. Maine No
62%
countries where a variety of English is a de jure official language (even if it is not a majority language). Pakistan Yes
62%
U.S. states that share a land border with Missouri. Tennessee Yes
62%
five overall best countries, according to U.S. News and World Report in 2023. United Kingdom No
62%
National Historic Landmarks currently located in Louisiana. U.S.S. Cabot No
62%
five most populous municipalities in Canada (2021). Calgary Yes
54%
five most populous municipalities in Maryland (2020). Frederick Yes
54%
U.S. states that share a land border with Missouri. Illinois Yes
54%
U.S. states that share a land border with Missouri. Iowa Yes
54%
five overall best states, according to U.S. News and World Report in 2023. Minnesota Yes
54%
five overall best states, according to U.S. News and World Report in 2023. New Hampshire Yes
54%
National Historic Landmarks currently located in Louisiana. Our Lady of Lake Pontchartrain Church No
54%
countries where a variety of English is a de jure official language (even if it is not a majority language). Sierra Leone Yes
54%
JetPunk sovereign states that share a land border with Austria. Slovenia Yes
54%
National Historic Landmarks currently located in Louisiana. St. Charles Streetcar Line Yes
54%
countries where a variety of English is a de jure official language (even if it is not a majority language). Eswatini Yes
46%
five overall best countries, according to U.S. News and World Report in 2023. Germany No
46%
five most populous municipalities in Maryland (2020). Hagerstown No
46%
JetPunk sovereign states that are members of the Asia Cooperation Dialogue. Laos No
46%
JetPunk sovereign states that share a land border with Austria. Slovakia Yes
46%
countries where a variety of English is a de jure official language (even if it is not a majority language). United States No
46%
five most populous municipalities in Canada (2021). Winnipeg No
46%
five overall best countries, according to U.S. News and World Report in 2023. Australia Yes
38%
five overall best countries, according to U.S. News and World Report in 2023. Canada Yes
38%
five most populous municipalities in Canada (2021). Edmonton Yes
38%
JetPunk sovereign states that are members of the Asia Cooperation Dialogue. Kyrgyzstan No
38%
National Historic Landmarks currently located in Louisiana. Magnolia Plantation Yes
38%
U.S. states whose capital city is also the state’s most populous city. Mississippi No
38%
U.S. states that share a land border with Missouri. Nebraska Yes
38%
JetPunk sovereign states that are members of the Asia Cooperation Dialogue. Pakistan Yes
38%
JetPunk sovereign states that are members of the Asia Cooperation Dialogue. Philippines Yes
38%
five overall best states, according to U.S. News and World Report in 2023. Utah Yes
38%
National Historic Landmarks currently located in Louisiana. Acadian House Yes
31%
five most populous municipalities in Maryland (2020). Gaithersburg Yes
31%
five overall best countries, according to U.S. News and World Report in 2023. Japan Yes
31%
JetPunk sovereign states that are members of the Asia Cooperation Dialogue. Malaysia No
31%
five most populous municipalities in Canada (2021). Ottawa Yes
31%
five most populous municipalities in Maryland (2020). Rockville Yes
31%
five most populous municipalities in Maryland (2020). Annapolis No
23%
five most populous municipalities in Maryland (2020). Bowie Yes
23%
five overall best states, according to U.S. News and World Report in 2023. Florida No
23%
JetPunk sovereign states that are members of the Asia Cooperation Dialogue. Nepal Yes
23%
JetPunk sovereign states that are members of the Asia Cooperation Dialogue. Oman Yes
23%
JetPunk sovereign states that are members of the Asia Cooperation Dialogue. Qatar Yes
23%
five most populous municipalities in Maryland (2020). Salisbury No
23%
five overall best countries, according to U.S. News and World Report in 2023. New Zealand No
15%
five overall best states, according to U.S. News and World Report in 2023. Vermont No
15%
five overall best states, according to U.S. News and World Report in 2023. Washington No
15%
National Historic Landmarks currently located in Louisiana. George Washington Cable House Yes
8%
five overall best states, according to U.S. News and World Report in 2023. Idaho Yes
8%
National Historic Landmarks currently located in Louisiana. Longue Vue House and Gardens Yes
8%
five overall best states, according to U.S. News and World Report in 2023. Nebraska Yes
8%
five overall best countries, according to U.S. News and World Report in 2023. Sweden No
8%
countries where a variety of English is a de jure official language (even if it is not a majority language). United Kingdom No
8%
five overall best countries, according to U.S. News and World Report in 2023. United States Yes
8%
five most populous municipalities in Canada (2021). Vancouver No
0%
No matching quizzes found
Score Distribution
Percent of People with Each Score
Percentile by Number Answered
Your Score History
You have not taken this quiz